| 000 | 00531nam a2200157 4500 | ||
|---|---|---|---|
| 008 | 0 1979 0a 000 0mex | ||
| 020 | _a84-291-7051-0 | ||
| 050 | _aTP156.T7 B46 1979 T.I | ||
| 082 | _a660.2842 B163t T.I | ||
| 100 | _aBennett, C.O. | ||
| 245 | _aTransferencia de cantidad de movimiento, calor y materia / C. O. Bennett, J. E. Meyers | ||
| 260 | _aEspaƱa : Reverte | ||
| 300 | _a458 p. T.I / 25 cm. | ||
| 650 | _a1. TRANSFERENCIA DE CALOR 2. TRANSFERENCIA DE MATERIA | ||
| 700 | _aI. Myers, J. E., coaut. | ||
| 999 |
_c18793 _d18793 |
||